000 00551nam a2200205Ia 4500
005 20250923144417.0
008 008 250917s9999 xx 000 0 eng d
037 _aTextual
040 _aDSWL
_beng
_cDSWL
041 _aeng
_2eng
084 _aY:4:6p73:M74, J01
_qDSWL
100 _aKaushal, R.S
_9824616
245 0 _aHindu in the rly days
_cby R.S Kaushal
260 _aLucknow
_c1050
300 _a126 p.
365 _aINR
_b2
925 _g2
942 _cTEXL
_hY:4:6p73:M74, J01
999 _c1438506
_d1438506